[Event "Pfalz op-B 10th"]
[Site "Neustadt an der Weinstrasse"]
[Date "2019.03.02"]
[Round "2"]
[White "Uhlarz, Joerg"]
[Black "Kunisch, Nina"]
[Result "1/2-1/2"]
[WhiteElo "1557"]
[BlackElo "1752"]
[PlyCount "130"]
[EventDate "2019.03.01"]
[EventType "swiss"]
[EventRounds "7"]
[EventCountry "GER"]
[SourceTitle "CBM 189 Extra"]
[Source "ChessBase"]
[SourceDate "2019.06.03"]
[SourceVersion "1"]
[SourceVersionDate "2019.06.03"]
[SourceQuality "1"]

1. d4 d5 2. c4 e6 3. Nc3 Nf6 4. Nf3 Be7 5. g3 Nbd7 6. cxd5 exd5 7. Bg2 c6 8. 0-0 0-0 9. Qc2 h6 10. b3 Re8 11. Bb2 Nf8 12. Ne5 Ng4 13. h3 Nxe5 14. dxe5 Ng6 15. Na4 Bd7 16. f4 d4 17. Rad1 Qc8 18. Bxd4 b5 19. Nc5 Bxc5 20. Qxc5 Bxh3 21. Qxc6 Bxg2 22. Qxg2 a6 23. Rc1 Qd7 24. e3 a5 25. f5 Nf8 26. Rcd1 Qc8 27. Qe4 Qa6 28. Qg4 Qb7 29. Rf2 Nh7 30. e6 f6 31. Bb2 Rad8 32. Rfd2 Rxd2 33. Rxd2 Ng5 34. Rd7 Qe4 35. Qxe4 Nxe4 36. Kg2 Rc8 37. Bd4 Kf8 38. Rf7+ Kg8 39. Rd7 Kf8 40. a3 Rc2+ 41. Kh3 h5 42. g4 Nf2+ 43. Kg3 Nxg4 44. b4 axb4 45. axb4 Rc8 46. Bc5+ Kg8 47. Rb7 Nh6 48. e4 Ng4 49. Rxb5 Ne5 50. Kh4 Ra8 51. Bd6 Nc4 52. e5 fxe5 53. Bxe5 Rf8 54. Kg5 Ne3 55. Bd4 Nc4 56. Rb7 Rxf5+ 57. Kg6 Rf3 58. Rb8+ Rf8 59. Rb7 Rd8 60. Rxg7+ Kf8 61. Bc5+ Nd6 62. Rd7 Rxd7 63. exd7 Ke7 64. b5 h4 65. Bg1 Kxd7 1/2-1/2

[Event "GER-chT Betriebe 16th"]
[Site "Dresden"]
[Date "2016.11.05"]
[Round "6.4"]
[White "Weidl, Robert"]
[Black "Uhlarz, Joerg"]
[Result "1-0"]
[WhiteElo "1909"]
[BlackElo "1743"]
[PlyCount "65"]
[EventDate "2016.11.03"]
[EventType "team-swiss"]
[EventRounds "7"]
[EventCountry "GER"]
[SourceTitle "EXT 2020"]
[Source "ChessBase"]
[SourceDate "2019.10.17"]
[SourceVersion "1"]
[SourceVersionDate "2019.10.17"]
[SourceQuality "1"]
[WhiteTeam "Muenchen ADAC"]
[BlackTeam "Stuttgart Wuestenrot&Wuertt"]
[WhiteTeamCountry "GER"]
[BlackTeamCountry "GER"]

1. e4 e5 2. Nf3 Nc6 3. Bc4 Be7 4. c3 Nf6 5. d4 d6 6. d5 Na5 7. Bd3 b6 8. b4 Nb7 9. 0-0 0-0 10. h3 a5 11. Nbd2 Qe8 12. Re1 Bd7 13. Qe2 Qc8 14. Nf1 Kh8 15. Ng3 g6 16. Bh6 Rg8 17. Ng5 Nd8 18. Rf1 Nh5 19. Nxh5 Bxg5 20. Bxg5 gxh5 21. Bf6+ Rg7 22. Bxg7+ Kxg7 23. Qxh5 f6 24. f4 Nf7 25. Rf3 Be8 26. Rg3+ Ng5 27. Qh4 exf4 28. Qxf4 Bg6 29. h4 h6 30. Qf2 axb4 31. cxb4 Ra3 32. Rf1 Qd8 33. Qb2 1-0

[Event "Stuttgart-chB int"]
[Site "Ditzingen"]
[Date "2016.05.05"]
[Round "2"]
[White "Uhlarz, Joerg"]
[Black "Wohlt, Harald"]
[Result "1-0"]
[WhiteElo "1592"]
[BlackElo "1735"]
[PlyCount "65"]
[EventDate "2016.05.05"]
[EventType "swiss"]
[EventRounds "7"]
[EventCountry "GER"]
[SourceTitle "EXT 2018"]
[Source "ChessBase"]
[SourceDate "2017.10.13"]
[SourceVersion "1"]
[SourceVersionDate "2017.10.13"]
[SourceQuality "1"]

1. d4 Nf6 2. c4 g6 3. Nc3 d5 4. Nf3 Bg7 5. g3 0-0 6. Bg2 c5 7. cxd5 cxd4 8. Nxd4 Qa5 9. 0-0 Rd8 10. e4 e6 11. Bd2 Qb6 12. Be3 exd5 13. Ndb5 d4 14. Bxd4 Qa5 15. Qb3 a6 16. Bxf6 Bxf6 17. Na3 Be6 18. Nd5 Bxd5 19. exd5 Nd7 20. Nc4 Qc5 21. Rac1 Qa7 22. Qf3 Kg7 23. b3 b5 24. Na5 Ne5 25. Qe3 Qxe3 26. fxe3 Ng4 27. Rf3 Bg5 28. Rc7 Ne5 29. Rf4 Bxf4 30. exf4 Rd7 31. d6 Ra7 32. Rxa7 Rxa7 33. fxe5 1-0

[Event "Stuttgart-chB op"]
[Site "Ditzingen"]
[Date "2015.05.15"]
[Round "4"]
[White "Uhlarz, Joerg"]
[Black "Theuer, Tobias"]
[Result "0-1"]
[WhiteElo "1690"]
[BlackElo "1560"]
[PlyCount "128"]
[EventDate "2015.05.17"]
[EventType "swiss"]
[EventRounds "7"]
[EventCountry "GER"]
[SourceTitle "EXT 2018"]
[Source "ChessBase"]
[SourceDate "2017.10.13"]
[SourceVersion "1"]
[SourceVersionDate "2017.10.13"]
[SourceQuality "1"]

1. d4 d5 2. c4 e6 3. Nc3 Nf6 4. Nf3 c5 5. Bg5 cxd4 6. Qxd4 Be7 7. cxd5 exd5 8. e3 h6 9. Bb5+ Nc6 10. Qh4 Be6 11. 0-0 Rh7 12. Bxf6 Bxf6 13. Qa4 Qd6 14. Rac1 Ke7 15. Rfd1 Rhh8 16. Ne4 Qb4 17. Nxf6 Qxa4 18. Nxd5+ Bxd5 19. Bxa4 Bxf3 20. gxf3 Rac8 21. Kg2 Rhd8 22. Re1 Rd2 23. b4 Rxa2 24. Bxc6 Rxc6 25. Rxc6 bxc6 26. Rd1 Rb2 27. Ra1 Rxb4 28. Rxa7+ Ke6 29. Ra6 Kd5 30. Ra7 Ke6 31. Ra6 Kd5 32. f4 Rb7 33. Kf3 Rc7 34. e4+ Kd4 35. Ra4+ Kd3 36. Ra3+ Kc4 37. Ke3 Kb4 38. Rd3 c5 39. Kd2 c4 40. Rc3 Ra7 41. Rc2 Ra3 42. Rb2+ Rb3 43. Kc2 Rxb2+ 44. Kxb2 c3+ 45. Kc2 Kc4 46. f5 f6 47. h3 Kd4 48. f3 Kc4 49. h4 Kd4 50. h5 Kc4 51. f4 Kd4 52. e5 fxe5 53. fxe5 Kxe5 54. f6 Kxf6 55. Kxc3 Kg5 56. Kd2 Kxh5 57. Ke3 Kg4 58. Kf2 h5 59. Kg2 g5 60. Kh2 Kf3 61. Kg1 g4 62. Kh2 g3+ 63. Kh1 h4 64. Kg1 g2 0-1

[Event "Baden-ch op U1800"]
[Site "Birkenfeld"]
[Date "2013.05.31"]
[Round "3"]
[White "Uhlarz, Joerg"]
[Black "Hess, Martin"]
[Result "0-1"]
[WhiteElo "1763"]
[BlackElo "1665"]
[PlyCount "94"]
[EventDate "2013.05.30"]
[EventType "swiss"]
[EventRounds "7"]
[EventCountry "GER"]
[SourceTitle "EXT 2014"]
[Source "ChessBase"]
[SourceDate "2013.11.20"]
[SourceVersion "1"]
[SourceVersionDate "2013.11.20"]
[SourceQuality "1"]

1. d4 d5 2. c4 e5 3. Nc3 Nc6 4. e3 Bb4 5. dxe5 d4 6. exd4 Qxd4 7. Bd2 Qxe5+ 8. Qe2 Qxe2+ 9. Bxe2 Be6 10. 0-0-0 0-0-0 11. Nf3 Nge7 12. Ng5 Nd4 13. Bf1 h6 14. Nxe6 Nxe6 15. g3 Nd4 16. Bg2 Bxc3 17. bxc3 Ndc6 18. Be3 a6 19. Kc2 f6 20. Rb1 Na5 21. h4 Nec6 22. Bh3+ Kb8 23. Be6 Ne5 24. Rb4 Rhe8 25. Ra4 Rxe6 26. Rxa5 Nxc4 27. Ra4 Nxe3+ 28. fxe3 Rxe3 29. Rg4 g5 30. hxg5 hxg5 31. Rh7 Rde8 32. Rc4 R8e7 33. Rh8+ Ka7 34. Rf8 Rxg3 35. Rxf6 Rg7 36. a4 Rg2+ 37. Kb3 Rg1 38. a5 g4 39. Rff4 c6 40. Kb4 Rg5 41. Rc5 Rb1+ 42. Kc4 Rxc5+ 43. Kxc5 Rb5+ 44. Kd4 Rxa5 45. Rxg4 Ra4+ 46. c4 b5 47. Ke5 Rxc4 0-1

[Event "Baden-ch op U1800"]
[Site "Birkenfeld"]
[Date "2013.05.30"]
[Round "1"]
[White "Uhlarz, Joerg"]
[Black "Klebs, Sebastian"]
[Result "1/2-1/2"]
[WhiteElo "1763"]
[BlackElo "1714"]
[PlyCount "160"]
[EventDate "2013.05.30"]
[EventType "swiss"]
[EventRounds "7"]
[EventCountry "GER"]
[SourceTitle "EXT 2014"]
[Source "ChessBase"]
[SourceDate "2013.11.20"]
[SourceVersion "1"]
[SourceVersionDate "2013.11.20"]
[SourceQuality "1"]

1. d4 d5 2. c4 c6 3. Nc3 Nf6 4. Nf3 e6 5. Qa4 Be7 6. g3 0-0 7. Bg2 Nbd7 8. cxd5 exd5 9. 0-0 h6 10. Nh4 Re8 11. Qc2 Nb6 12. Rd1 Nh7 13. Nf5 Bxf5 14. Qxf5 Qd7 15. Qc2 Nf6 16. e4 dxe4 17. Nxe4 Nbd5 18. a3 Rad8 19. b4 Nxe4 20. Bxe4 Bf6 21. Bh7+ Kh8 22. Bf5 Qe7 23. Bd2 Bxd4 24. Re1 Qf8 25. Rad1 Rxe1+ 26. Rxe1 Re8 27. Rd1 Re2 28. Qd3 Rxf2 29. Qxd4 Rxf5 30. Bxh6 f6 31. Qg4 Re5 32. Bc1 Qe8 33. Rf1 Re2 34. Qh4+ Kg8 35. Qc4 Qe6 36. Qh4 Qe8 37. Qg4 Re4 38. Qd1 Kh8 39. Qf3 Re2 40. h4 Re4 41. h5 Qe6 42. Kg2 Rc4 43. Qd3 Rc3 44. Qg6 Qe2+ 45. Rf2 Ne3+ 46. Kh3 Qg4+ 47. Qxg4 Nxg4 48. Rf1 Ne5 49. h6 Rd3 50. Bb2 Rd6 51. Kh4 Kh7 52. Rf4 Re6 53. Rf1 Kxh6 54. Rd1 Re8 55. Rd6 Nc4 56. Bc1+ Kg6 57. Rd7 Rb8 58. Bf4 Ne5 59. Bxe5 fxe5 60. Kg4 Kf6 61. Kf3 g6 62. Rd6+ Kf5 63. g4+ Kg5 64. Re6 Rd8 65. Rxe5+ Kf6 66. Ke4 Rd1 67. g5+ Kf7 68. Rc5 Ra1 69. Rc3 Re1+ 70. Kf4 Ke6 71. Rh3 Kd5 72. Rh7 b6 73. Rxa7 c5 74. bxc5 Kxc5 75. Rg7 Re6 76. Rf7 Kd5 77. Rf6 b5 78. Rf8 Rb6 79. Rd8+ Ke6 80. Rd4 Ra6 1/2-1/2

[Event "Stuttgart-chA int"]
[Site "Gerlingen"]
[Date "2007.05.17"]
[Round "1"]
[White "Kozlov, Alexander"]
[Black "Uhlarz, Joerg"]
[Result "1-0"]
[WhiteElo "2117"]
[BlackElo "1877"]
[PlyCount "57"]
[EventDate "2007.05.17"]
[EventType "swiss"]
[EventRounds "7"]
[EventCountry "GER"]
[SourceTitle "EXT 2018"]
[Source "ChessBase"]
[SourceDate "2017.10.13"]
[SourceVersion "1"]
[SourceVersionDate "2017.10.13"]
[SourceQuality "1"]

1. Nc3 f5 2. d4 d5 3. Bg5 Nf6 4. Bxf6 exf6 5. e3 g6 6. Bd3 Be6 7. h4 Nd7 8. h5 Bg7 9. Nge2 c6 10. hxg6 hxg6 11. Rxh8+ Bxh8 12. g4 Qe7 13. gxf5 Bxf5 14. Bxf5 gxf5 15. Ng3 Qh7 16. Qd3 0-0-0 17. Qxf5 Qe7 18. 0-0-0 Bg7 19. Rh1 Rh8 20. Rxh8+ Bxh8 21. Qh5 Qd8 22. Nf5 Kc7 23. Qh2+ Ne5 24. dxe5 fxe5 25. Qh7+ Kb6 26. Qe7 Qg8 27. Na4+ Kb5 28. Qc5+ Kxa4 29. b3# 1-0